JFL COMPLETE Season 1 Draft - Statistics

General Stats
  • This quiz has been taken 3 times
  • The average score is 66 of 140
Answer Stats
Pick Team Position Player % Correct
48 Rhinos DB Conway Borris
100%
121 Salamanders DL Aaron McDonel
50%
70 Sharks LB Aaron St Bario
50%
116 Glaciers DB Abel Rolph
50%
27 Griffins LB Allan Perrard
50%
131 Sharks DB Amani Thatcher
50%
54 Corsairs WR Andre Vermil
50%
96 Glaciers LB Arden Babylon
50%
111 Sharks WR Arlo Benjamin
50%
135 Lancers DL Asher Saylor
50%
73 Rhinos WR Austin Denmark
50%
110 Sharks DL Barry Fisher Jr
50%
120 Salamanders DL Bernard Dupont
50%
115 Lancers DB Brady Darrell
50%
33 Rhinos TE Brock Jones
50%
37 Corsairs LB Bron Carmichael
50%
113 Rhinos DB Brutus Beckham
50%
29 Leopards RB Calvin Zenner
50%
83 Paladins WR Cam Crutter
50%
69 Leopards DB Carlton Lock
50%
109 Leopards LB Chandler Bevill
50%
98 Paladins DB Charles Millward
50%
136 Glaciers DB Chris Woodson
50%
108 Rhinos WR Clark Wolsen
50%
137 Sharks LB Claude Suggs
50%
52 Leopards TE Clay Schlesinger
50%
68 Rhinos LB Clive Williams
50%
35 Lancers DB Cooper Hathaway
50%
26 Lancers QB Cruz Gibbs
50%
5 Glaciers RB Danny Cruszen
50%
44 Corsairs DB Darrell Glenn
50%
61 Salamanders LB Deandre Tulloch
50%
81 Salamanders DB Deandre White
50%
66 Lancers TE Demarcon Conker
50%
97 Corsairs DL Demarcus Moore-Eiling
50%
8 Rhinos DL Demario Rashavan
50%
38 Paladins DL Derek Mayken
50%
100 Salamanders DL Derrick Wafleman
50%
21 Salamanders DL Detrice Ferguson
50%
75 Lancers LB Devin Bolton
50%
72 Paladins WR Devin Pacer
50%
103 Paladins DL Dirk Watt
50%
129 Glaciers DL Donovan Hubbard
50%
23 Paladins TE Dustin Dodrim
50%
6 Lancers RB Ernie Gecko
50%
62 Kingfishers DL Ethan Herricks
50%
60 Salamanders LB Ethan Runtser
50%
93 Rhinos LB George Ayers
50%
118 Paladins DL Gregory Moore
50%
104 Sharks TE Hank Lewison
50%
16 Glaciers QB Hans Bach-Achen
50%
139 Kingfishers LB Henok Ott
50%
134 Griffins LB Henry Hanks
50%
40 Salamanders TE Henry Rodriguez
50%
14 Griffins TE Hunter Sallow
50%
77 Corsairs RB Icey Danzler
50%
2 Kingfishers QB Ike Michaels
50%
39 Kingfishers WR Illano Maila
50%
4 Griffins QB Isaac Kowalski
50%
25 Glaciers LB Ivan Dekolov
50%
122 Kingfishers LB Jace Irving
50%
1 Salamanders QB Jack Mally
50%
74 Griffins WR Jackson Jones-Watson
50%
50 Sharks DB Jae Bolton
50%
84 Corsairs DL Jalen Herman
50%
31 Sharks WR Jalen Rorik
50%
42 Kingfishers DL Jalen Tyrelk
50%
24 Corsairs WR James Towning
50%
55 Lancers LB Jeremiah Konnellock
50%
127 Griffins DL Jeremy Jacobson
50%
7 Corsairs QB Jerry Hohls
50%
41 Salamanders RB Joey McClane
50%
15 Lancers WR John Badunce
50%
63 Glaciers DL Jonathan Greenarm
50%
64 Corsairs WR Justin Orneon
50%
11 Sharks DB Justin Salas
50%
56 Glaciers DB King Salazar
50%
94 Griffins WR Kodjo Penn
50%
30 Sharks RB Kyle Montgomery
50%
92 Leopards LB Leo Punnett
50%
58 Paladins LB Lucas Wormech
50%
20 Salamanders WR Malik Crowarr
50%
67 Griffins DL Manny Colt
50%
80 Salamanders DB Marvin Smith
50%
51 Sharks WR Mason Mountain
50%
59 Kingfishers WR Michael Solozzio
50%
95 Lancers DB Morty Fay
50%
88 Rhinos RB Noah Jones
50%
119 Kingfishers DB Oliver Chancey
50%
9 Paladins LB Otto Wallace III
50%
126 Lancers WR Owen Moth
50%
85 Glaciers TE Parker Donakowski
50%
34 Griffins DB Paulo O'Wally
50%
133 Rhinos QB Phil Browning
50%
123 Paladins RB Quincy Jerome
50%
22 Kingfishers DB Quinn Swalla
50%
18 Paladins QB Randall Coorlon
50%
17 Corsairs LB Ray Graham
50%
107 Griffins DB Remy Rico
50%
13 Rhinos RB Requis Davies
50%
43 Paladins RB Rick Smothers
50%
12 Leopards WR Ricky Tune
50%
32 Paladins DB Riley Rice
50%
128 Rhinos DL Roger Elwin
50%
117 Corsairs DB Rolph Kendall
50%
53 Rhinos DB Ross Blount
50%
101 Salamanders WR Roydon Sharpe
50%
76 Glaciers WR Roy Ehr
50%
49 Leopards LB Ruiz Levy
50%
3 Leopards QB Ruth Legein
50%
65 Glaciers DL Ryan Craig
50%
124 Corsairs LB Rydon Jameson
50%
138 Paladins QB Sammy Holden
50%
91 Corsairs TE Shane Callaway
50%
112 Leopards WR Soren Kelsey
50%
99 Kingfishers DL Steve Wilson
50%
79 Kingfishers RB Tako Pallamam
50%
114 Griffins RB Tanner Beauplan
50%
45 Glaciers WR Tatrion Smith
50%
140 Salamanders WR Thando Clarkson
50%
78 Leopards DB Trevon Jones
50%
28 Rhinos DL Trey Coalt
50%
89 Leopards WR Treyveon Mison
50%
46 Lancers DL Tucker Borrston
50%
10 Sharks QB Tyber Jericho
50%
87 Griffins LB Tyrese Coffin
50%
57 Corsairs DL Tyrique Herman
50%
125 Glaciers DL Tyrone Quartermain
50%
130 Sharks DL Whitaker Nichols
50%
19 Kingfishers DL William Tevin
50%
47 Griffins DB Xavier Alanburg
50%
82 Kingfishers LB Charlie Hapworth
0%
90 Sharks DL Greg Dannol
0%
105 Glaciers LB Kwame Ericka
0%
102 Kingfishers DB Lamar Humphrey
0%
36 Glaciers WR Marty DeBerry
0%
132 Leopards DL Rory Winter
0%
71 Sharks LB Samuel Reid
0%
86 Lancers LB Stew Upton
0%
106 Lancers DB Xavier Evans
0%
No matching quizzes found
Score Distribution
Percent of People with Each Score
Percentile by Number Answered
Your Score History
You have not taken this quiz